US Staaten mit Grenzen in 30 Sekunden - Statistiken

Allgemein
  • Dieses Quiz wurde 1.248 mal gespielt
  • Das Durchschnittsergebnis liegt bei 32 aus 50
Antworten auf der Karte
Die Antworten werden auf der Karte rot bzw. grün angezeigt, abhängig davon wie oft sie richtig erraten wurden.
 
Antwortstatistiken
Nchbarstaaten Staat % Korrekt
Arizona, Colorado, Oklahoma, Texas, Utah New Mexico
91%
Louisiana, Mississippi, Missouri, Oklahoma, Tennessee, Texas Arkansas
89%
Arkansas, Colorado, Kansas, Missouri, New Mexico, Texas Oklahoma
89%
Montana, Nevada, Oregon, Utah, Washington, Wyoming Idaho
88%
Arizona, California, Idaho, Oregon, Utah Nevada
87%
California, Idaho, Nevada, Washington Oregon
87%
Arkansas, Louisiana, New Mexico, Oklahoma Texas
87%
Kalifornien, Colorado, Nevada, New Mexico, Utah Arizona
82%
Arkansas, Mississippi, Texas Louisiana
82%
Arizona, Colorado, Idaho, Nevada, New Mexico, Wyoming Utah
81%
Colorado, Idaho, Montana, Nebraska, South Dakota, Utah Wyoming
80%
Arizona, Kansas, Nebraska, New Mexico, Oklahoma, Utah, Wyoming Colorado
78%
Delaware, Maryland, New Jersey, New York, Ohio, West Virginia Pennsylvania
78%
Florida, Georgia, Mississippi, Tennessee Alabama
77%
Alabama, Florida, North Carolina, South Carolina, Tennessee Georgia
77%
Arkansas, Illinois, Iowa, Kansas, Kentucky, Nebraska, Oklahoma, Tennessee Missouri
77%
Colorado, Iowa, Kansas, Missouri, South Dakota, Wyoming Nebraska
77%
Arizona, Nevada, Oregon Kalifornien
74%
Iowa, Minnesota, Montana, Nebraska, North Dakota, Wyoming South Dakota
73%
Illinois, Indiana, Missouri, Ohio, Tennessee, Virginia, West Virginia Kentucky
72%
Alabama, Arkansas, Georgia, Kentucky, Mississippi, Missouri, North Carolina, Virginia Tennessee
72%
Connecticut, Massachusetts, New Jersey, Pennsylvania, Vermont New York
71%
Alabama, Georgia Florida
69%
Connecticut, New Hampshire, New York, Rhode Island, Vermont Massachusetts
69%
Illinois, Minnesota, Missouri, Nebraska, South Dakota, Wisconsin Iowa
66%
Massachusetts, New Hampshire, New York Vermont
66%
Idaho, Oregon Washington
66%
Idaho, North Dakota, South Dakota, Wyoming Montana
65%
Delaware, New York, Pennsylvania New Jersey
65%
Massachusetts, New York, Rhode Island Connecticut
64%
Illinois, Kentucky, Michigan, Ohio Indiana
64%
Indiana, Kentucky, Michigan, Pennsylvania, West Virginia Ohio
63%
Colorado, Missouri, Nebraska, Oklahoma Kansas
60%
Kentucky, Maryland, Ohio, Pennsylvania, Virginia West Virginia
58%
Indiana, Iowa, Kentucky, Missouri, Wisconsin Illinois
56%
Illinois, Iowa, Michigan, Minnesota Wisconsin
54%
Kentucky, Maryland, North Carolina, Tennessee, West Virginia Virginia
53%
Indiana, Ohio, Wisconsin Michigan
52%
Iowa, North Dakota, South Dakota, Wisconsin Minnesota
50%
Georgia, South Carolina, Tennessee, Virginia North Carolina
49%
Minnesota, Montana, South Dakota North Dakota
48%
Alaska
47%
Alabama, Arkansas, Louisiana, Tennessee Mississippi
47%
Maine, Massachusetts, Vermont New Hampshire
37%
Hawaii
36%
Delaware, Pennsylvania, Virginia, West Virginia Maryland
33%
New Hampshire Maine
29%
Georgia, North Carolina South Carolina
28%
Maryland, New Jersey, Pennsylvania Delaware
21%
Connecticut, Massachusetts Rhode Island
14%
Keine übereinstimmenden Quizze gefunden
Verteilung der Resultate
Anzahl Personen mit jedem Resultat
Perzentil nach korrekt beantworteten Fragen
Ihre Resultats-Entwicklung
Sie haben dieses Quiz noch nicht gespielt